000 00834nam a2200253Ia 4500
003 OSt
005 20220918171052.0
006 a|||||r|||| 00| 0
007 ta
008 220917b |||||||| |||| 00| 0 eng d
020 _a9781138605275 (hbk)
_cUKP 45.00
024 _a349,177
037 _b13777, 29/01/2019, Elite Publishers Distributors
_cTextual
040 _aARTS
_cARTS
_beng
041 _2eng
_aeng
082 _aS:4-86, Q8
100 _aNeenan Michael Au.
_933815
245 0 _aResilience as a framework for coaching
_b cognitive behavioural perspective
260 _aLondon
_bRoutledge UK
_c2018
300 _a110p.
_ccm.
650 _aCOGNITIVE STYLES; PSYCHOLOGY
942 _hS:4-86, Q8
_cTEXL
_2CC
999 _c137694
_d137694